| 000 | 00558nam a2200205 4500 | ||
|---|---|---|---|
| 003 | OSt | ||
| 005 | 20260423071958.0 | ||
| 006 | a | ||
| 008 | 240625b |||||||| |||| 00| 0 eng d | ||
| 020 | _a9780495386261 | ||
| 040 |
_aDWCL-Main lib. _cOC |
||
| 082 | _aCirc. 516.24 M113t 2008 | ||
| 100 | _aTurner, Mark D. | ||
| 245 | _aTrigonometry / | ||
| 260 |
_aBelmont,CA: _bThomson Higher Education, _cc2008. |
||
| 300 |
_axvi, _b(various paging):ill.; _c26 cm. |
||
| 504 | _aIncludes index. | ||
| 650 | _a1. Trigonometry. | ||
| 942 |
_2ddc _n0 _cBK-CIRC _kCirc. |
||
| 999 |
_c1265 _d1265 |
||